Harry Potter commençant par D - Statistiques

Statistiques générales
  • Ce quiz a été pris 3 218 fois
  • Le résultat moyen est 7 sur 10
Statistiques - réponses
Hint Réponse % Correct
Elfe de maison bien connu Dobby
97%
Directeur de Poudlard Dumbledore
97%
Sortilège de torture Doloris
94%
Matière enseignée par Mme.Trelawney Divination
93%
Gardien d'Azkaban Détraqueur
90%
Ecole de magie Bulgare Durmstrang
83%
Cousin de Harry Dudley Dursley
80%
Un autre directeur de Poudlard Dippet
45%
Maladie de sorciers Dragoncelle
30%
Accident pouvent survenir lors d'un transplanage Désartibulement
17%
Aucun quiz correspondant
Distribution des résultats
% des personnes avec chaque résultat
Percentile par nombre de réponses
Votre historique - résultats
Vous n’avez pas pris ce quiz